Experimenting with the world : John Dewey and the early childhood classroom
Saved in:
| Main Author: | |
|---|---|
| Format: | Book |
| Language: | English |
| Published: |
New York :
Teachers College,
1995
|
| Series: | Early childhood education series
|
| Subjects: | |
| Tags: |
Add Tag
No Tags, Be the first to tag this record!
|
MARC
| LEADER | 00000nam a2200000 i 4500 | ||
|---|---|---|---|
| 001 | 1/85061 | ||
| 008 | 990629s1995 eng d | ||
| 020 | |a 0-8077-3371-7 | ||
| 035 | |l 10051755 | ||
| 040 | |a GR-MY-UA |b gre |e aacr | ||
| 041 | 0 | |a eng | |
| 082 | 0 | |a 372.21 | |
| 100 | 1 | |a Cuffaro, Harriet K. | |
| 245 | 1 | 0 | |a Experimenting with the world : |b John Dewey and the early childhood classroom / |c Harriet K. Cuffaro |
| 260 | |a New York : |b Teachers College, |c 1995 | ||
| 300 | |a 123 p. | ||
| 490 | 1 | |a Early childhood education series | |
| 600 | 0 | 0 | |a Dewey John |d 1859-1952 |x Bibliography. |
| 600 | 1 | 0 | |a Dewey, John, |d 1859-1952. |
| 650 | 0 | 0 | |a Early childhood education. |
| 830 | 0 | |a Early childhood education series | |
| 852 | |a INST |b RHODES |e 19990629 |h 372.21 CUF |p 005400014684 |q 005400014684 |t BK |y 0 | ||
| 901 | |a BIBL4-1999-2 | ||
| 909 | |a Ρ |b 066184 | ||
| 922 | |a 4ΕΛΗ |b 199906 |c ΚΠΣ/154 |d LEADER | ||
| 970 | |a ΚΟΥΛΙΑΚΙΩΤΗ |b ΕΥΑΓΓΕΛΙΑ |z 19990629 | ||